书目信息 |
| 题名: |
幼儿文学教程
|
|
| 作者: | 杨佳利 , 卜庆亮 主编 | |
| 分册: | ||
| 出版信息: | 郑州 郑州大学出版社 2008.05 |
|
| 页数: | 306页 | |
| 开本: | 26cm | |
| 丛书名: | ||
| 单 册: | ||
| 中图分类: | I058 | |
| 科图分类: | ||
| 主题词: | 儿童文学--er tong wen xue--幼儿文学--幼儿师范学校--教材 | |
| 电子资源: | ||
| ISBN: | 978-7-81106-629-6 | |
| 000 | 00926nam0 2200265 450 | |
| 001 | 012009229346 | |
| 005 | 20090623091540.62 | |
| 010 | @a978-7-81106-629-6@dCNY30.00 | |
| 100 | @a20090623d2008 em y0chi0120 ea | |
| 101 | 0 | @achi |
| 102 | @aCN@b410000 | |
| 105 | @aa a 000yy | |
| 106 | @ar | |
| 200 | 1 | @a幼儿文学教程@Ayou er wen xue jiao cheng@f杨佳利, 卜庆亮主编@Fyang jia li,bo qing liang zhu bian |
| 210 | @a郑州@c郑州大学出版社@d2008.05 | |
| 215 | @a306页@c图@d26cm | |
| 300 | @a幼儿师范学校统编教材 | |
| 320 | @a有书目 | |
| 330 | @a本书主要内容包括:幼儿文学基本理论,幼儿文学的特征,幼儿文学的功能,幼儿文学的历史发展,幼儿文学的分类,幼儿文学的创作和改编等。 | |
| 606 | 0 | @a儿童文学@Aer tong wen xue@x幼儿文学@x幼儿师范学校@j教材 |
| 690 | @aI058@v4 | |
| 701 | 0 | @a杨佳利@Ayang jia li@4主编 |
| 701 | 0 | @a卜庆亮@Abo qing liang@4主编 |
| 801 | 0 | @aCN@bQSSK@c20090623 |
| 905 | @b747839-41@dI058@eY203@f3 | |
| 幼儿文学教程/杨佳利, 卜庆亮主编.-郑州:郑州大学出版社,2008.05 |
| 306页:图;26cm |
| 幼儿师范学校统编教材 |
| ISBN 978-7-81106-629-6:CNY30.00 |
| 本书主要内容包括:幼儿文学基本理论,幼儿文学的特征,幼儿文学的功能,幼儿文学的历史发展,幼儿文学的分类,幼儿文学的创作和改编等。 |
| ● |
| 相关链接 |
|
|
|
正题名:幼儿文学教程
索取号:I058/Y203
 
预约/预借
| 序号 | 登录号 | 条形码 | 馆藏地/架位号 | 状态 | 备注 |
| 1 | 747839 | 207478399 | 文学库108/108文学库 1排4列5层/ [索取号:I058/Y203] | 在馆 | |
| 2 | 747840 | 207478406 | 文学库108/108文学库 1排4列5层/ [索取号:I058/Y203] | 在馆 | |
| 3 | 747841 | 207478415 | 文学库108/108文学库 1排4列5层/ [索取号:I058/Y203] | 在馆 |